Central Library OPAC University of Rajshahi

The quest for change in Latin America : (Record no. 28425)

MARC details
000 -LEADER
fixed length control field 00937nam a2200277 4500
001 - CONTROL NUMBER
control field 28425
003 - CONTROL NUMBER IDENTIFIER
rucl marc code BD-RjUL
005 - DATE AND TIME OF LATEST TRANSACTION
control field 20211209051300.0
008 - FIXED-LENGTH DATA ELEMENTS--GENERAL INFORMATION
fixed length control field 140330s1970 nyu b 001 0 eng d
035 ## - SYSTEM CONTROL NUMBER
System control number (BD-RjUL)28506
040 ## - CATALOGING SOURCE
Original cataloging agency DLC
Transcribing agency DLC
Modifying agency BD-RjUL
Language of cataloging eng
041 ## - LANGUAGE CODE
Language code of text/sound track or separate title eng
082 00 - DEWEY DECIMAL CLASSIFICATION NUMBER
Classification number 309.18
Author mark and year DUQ 1970
100 1# - MAIN ENTRY--PERSONAL NAME
Personal name Duncan, Walter Raymond,
Dates associated with a name 1936-
9 (RLIN) 87046
245 14 - TITLE STATEMENT
Title The quest for change in Latin America :
Remainder of title sources for a twentieth-century analysis /
Statement of responsibility, etc. edited by W. Raymond Duncan and James Nelson Goodsell.
260 ## - PUBLICATION, DISTRIBUTION, ETC. (IMPRINT)
Place of publication, distribution, etc. New York :
Name of publisher, distributor, etc. Oxford University Press,
Date of publication, distribution, etc. 1970.
300 ## - PHYSICAL DESCRIPTION
Pagination xiv, 562 p.
Size 22 cm.
350 ## - PRICE (NR) (BK AM CF MU VM SE) [OBSOLETE]
Price $12.50
504 ## - BIBLIOGRAPHY, ETC. NOTE
Bibliography, etc Includes bibliographical references and index.
650 ## - SUBJECT ADDED ENTRY--TOPICAL TERM
Topical term or geographic name as entry element Latin America
9 (RLIN) 87047
651 #0 - SUBJECT ADDED ENTRY--GEOGRAPHIC NAME
Geographic name Latin America
General subdivision History
Chronological subdivision 20th century
General subdivision Sources.
9 (RLIN) 87048
700 1# - ADDED ENTRY--PERSONAL NAME
Personal name Goodsell, James Nelson,
Relator term joint comp.
942 ## - ADDED ENTRY ELEMENTS (KOHA)
Source of classification or shelving scheme Dewey Decimal Classification
Koha item type Books
Holdings
Lost status Source of classification or shelving scheme Damaged status Not for loan Collection code Permanent Location Current Location Shelving location Date acquired Source of acquisition Cost, normal purchase price Total Checkouts Full call number Date last seen Copy number Koha item type
  Dewey Decimal Classification   Added to bundle Non-fiction Central Library, University of Rajshahi Central Library, University of Rajshahi Reading Room 29/01/1991 Not Fount. 0.00   309.18 DUQ 1970 30/03/2014 C-1 Books